| 000 | 00733nam a22001457a 4500 | ||
|---|---|---|---|
| 003 | NUST | ||
| 008 | 221107b ||||| |||| 00| 0 eng d | ||
| 020 | _a9788120326415 | ||
| 082 | _a519.5,KAS | ||
| 100 |
_aKasana, H.S. _956709 |
||
| 245 |
_aComplex variables : _btheory and application / _cH.S.Kasana, |
||
| 250 | _a2nd Edition | ||
| 505 | _aAlgebra of complex numbers (Page1), Analytic functions (Page-39), Elementary functions (Page-79), complex integration (Page-98), Sequence, series and products (Page-153), Series expansions (Page-188), Singularities and residues (Page-241), Sums and definite integrals (Page-295), Conformal mappings (Page-335), Laplace Trancform (Page+376), Special topics (Page-406), | ||
| 942 |
_2ddc _cBK |
||
| 999 |
_c592263 _d592263 |
||